000 00654nam a2200241 a 4500
005 20191224041551.0
008 140224b1996 -Us||||| |||| 00| 0 eng d
020 _a0813321824
040 _aCO-BoIAVH
_cCO-BoIAVH
041 _aeng
044 _axxu
082 _a354.3
_bP84g
100 _aPorter, Gareth
245 1 0 _aGlobal environmental politics
250 _a2 ed.
260 _aColorado
_bWestview Press
_c1996
300 _a238 páginas
_c22 x 15
650 1 4 _aPolítica ambiental
650 1 4 _aPolítica económica
650 1 4 _aDesarrollo global
700 _aBrown, Janet Welsh
942 _cLIBRO
_2ddc
999 _c1023
_d1023